000 00234nam a2200097Ia 4500
082 _aJ 355.ADAM
245 0 _aSoldier
100 _a Adams, Simon London, 2009
_984864
942 _cBK
008 210817s9999 xx 000 0 und d
999 _c313860
_d313859